banner koha

Saline water irrigation strategies and potassium fertilization on physiology and fruit production of yellow passion fruit (Registro n. 337565)

MARC details
000 -LÍDER
fixed length control field 04694nab a2200373 i 4500
003 - CÓDIGO MARC DA AGÊNCIA CATALOGADORA
Campo de controle BR-BrBNA
005 - DATA E HORA DA ÚLTIMA ATUALIZAÇÃO
Campo de controle 20250811204343.0
008 - CAMPO DE TAMANHO FIXO
fixed length control field 250811b2022 bl.mr|pooa||| 00| 0 eng |
040 ## - FONTE DA CATALOGAÇÃO
Agência catalogadora BR-BrBNA
Idioma da catalogação eng
072 ## - CATEGORIA AGRIS
Código AGRIS F06
Código do objeto 1123
072 ## - CATEGORIA AGRIS
Código AGRIS F04
072 ## - CATEGORIA AGRIS
Código AGRIS H50
100 ## - ENTRADA PRINCIPAL - NOME PESSOAL
Nome pessoal Lima, Geovani S. de
100 ## - ENTRADA PRINCIPAL - NOME PESSOAL
Nome pessoal Pinheiro, Francisco W. A.
100 ## - ENTRADA PRINCIPAL - NOME PESSOAL
Nome pessoal Gheyi, Hans R.
100 ## - ENTRADA PRINCIPAL - NOME PESSOAL
Nome pessoal Soares, Lauriane A. dos A.
100 ## - ENTRADA PRINCIPAL - NOME PESSOAL
Nome pessoal Sousa, Pedro F. do N.
100 ## - ENTRADA PRINCIPAL - NOME PESSOAL
Nome pessoal Fernandes, Pedro D.
245 ## - TÍTULO PRINCIPAL
Título principal Saline water irrigation strategies and potassium fertilization on physiology and fruit production of yellow passion fruit
500 ## - NOTA GERAL
Nota geral Publicação on-line; 30 ref.; 6 illus; Sumaries (En, Pt)
942 ## - ADDED ENTRY ELEMENTS (KOHA)
Koha item type Analítica
520 ## - NOTA DE RESUMO
Nota de conteúdo <br/><br/>ABSTRACT: The objective of this study was to evaluate the effects of saline water irrigation management strategies and potassium doses on the concentration of photosynthetic pigments, gas exchange, and fruit production of ‘BRS GA1’ yellow passion fruit. The experiment was carried out under field conditions using a randomized block design, with treatments based on a 6 × 2 factorial scheme, related to six management strategies for irrigation with saline water (irrigation with low-salinity water throughout the crop cycle-WS; irrigation with high-salinity water in the vegetative stage-VE; flowering stage-FL; fruiting stage-FR; and successively in vegetative/flowering stages-VE/FL and vegetative/fruiting stages-VE/FR) and two doses of potassium (60 and 100% of the recommendation), with four replicates. The dose of 100% recommendation corresponded to 345 g of K2 O plant-1 year-1. High electrical conductivity irrigation water (4.0 dS m-1) was used in different phenological stages according to treatment, alternating with water of low electrical conductivity (1.3 dS m-1). The synthesis of chlorophyll a and b, stomatal conductance, instantaneous carboxylation efficiency and water use efficiency of ‘BRS GA1’ yellow passion fruit were reduced under irrigation with water of 4.0 dS m-1 in all strategies adopted. Fertilization with 60% of the K recommendation promoted greater number of fruits and yellow passion fruit yield. Irrigation with 4.0 dS m-1 water in the vegetative/flowering and flowering stages reduced the yield of yellow passion fruit.<br/><br/>Key words: Passiflora edulis Sims, salt stress, osmoregulation
520 ## - NOTA DE RESUMO
Nota de conteúdo <br/><br/>RESUMO: Objetivou-se com este estudo avaliar os efeitos das estratégias de manejo da irrigação com água salina e doses de potássio sobre os teores de pigmentos fotossintéticos, as trocas gasosas, e a produção de maracujazeiro amarelo ‘BRS GA1’. A pesquisa foi desenvolvida sob condições de campo, utilizando-se o delineamento de blocos casualizados, com tratamentos formados a partir de um esquema fatorial 6 × 2, relativos a seis estratégias de manejo da irrigação com água salina (irrigação com água de baixa salinidade durante todo ciclo de cultivo-SE; irrigação com água de alta salinidade na fase vegetativa-VE; de floração-FL; de frutificação-FR; nas fases sucessivas vegetativa/floraçãoVE/FL e vegetativa/frutificação -VE/FR) e duas doses de potássio (60 e 100% de K2 O da recomendação), com quatro repetições. A dose de 100% da recommendação correspondeu a 345 g de K2 O planta-1 ano-1. Utilizaram-se água com elevada condutividade elétrica (4,0 dS m-1) em diferentes fases fenológicas conforme tratamento, intercalada com água de baixa condutividade elétrica (1,3 dS m-1). A síntese de clorofila a e b, a condutância estomática, a eficiência instantânea de carboxilação e a eficiência no uso da água de maracujazeiro amarelo ‘BRS GA1’ foram reduzidas com irrigação com água de 4,0 dS m-1 em todas as estratégias adotadas. A adubação com 60% da recomendação de K promoveu maior número de frutos e produtividade do maracujazeiro amarelo. A irrigação com água de 4,0 dS m-1 nas fases vegetativa/floração e de floração reduziu a produtividade do maracujazeiro amarelo.<br/><br/>Palavras-chave: Passiflora edulis Sims, estresse salino, osmorregulação
650 ## - ASSUNTO - THESAGRO
Cabeçalho tópico ou nome geográfico MARACUJÁ
650 ## - ASSUNTO - THESAGRO
Cabeçalho tópico ou nome geográfico IRRIGAÇÃO
650 ## - ASSUNTO - THESAGRO
Cabeçalho tópico ou nome geográfico SALINIDADE
650 ## - ASSUNTO - THESAGRO
Cabeçalho tópico ou nome geográfico STRESS
650 ## - ASSUNTO - THESAGRO
Cabeçalho tópico ou nome geográfico POTÁSSIO
650 ## - ASSUNTO - THESAGRO
Cabeçalho tópico ou nome geográfico ADUBAÇÃO
650 ## - ASSUNTO - THESAGRO
Cabeçalho tópico ou nome geográfico TROCA GASOSA
773 0# - ENTRADA ANALÍTICA
Host Biblionumber 3534
Registro do item 317819
Imprenta Campina Grande-PB Universidade Federal de Campina Grande. Centro de Ciências e Tecnologia 1997
Outro identificador 2024-4538
Título Revista Brasileira de Engenharia Agrícola e Ambiental (Brazil)
ISSN 1415-4366
Colação v. 26 (3) p. 180-189; (2022)
Número de controle de registro BR2025003381
856 ## - ACESSO E ENDEREÇO ELETRÔNICO
Identificador uniforme de recurso - URI https://www.scielo.br/j/rbeaa/a/zhw53ySdLVPhwRWt7pydLDM/?format=pdf&lang=en

Nenhum exemplar disponível.

BINAGRI

Telefone: (61)3218-2567/2388/3357/2097 - binagri@agro.gov.br

Ministério da Agricultura e Pecuária , Esplanada dos Ministérios, Bloco D, Anexo B, Brasília/DF, CEP: 70.043-900